The Empire of Disgust: (Record no. 159670)

MARC details
000 -LEADER
fixed length control field 00787nam a22002297a 4500
005 - DATE AND TIME OF LATEST TRANSACTION
control field 20181229110321.0
010 ## - LCCN (DPL NO)
LC control number ENG-124609
020 ## - INTERNATIONAL STANDARD BOOK NUMBER
International Standard Book Number 9780199487837
Terms of availability 1195.00
035 ## - SYSTEM CONTROL NUMBER
System control number EN-108141
037 ## - SOURCE OF ACQUISITION
Source of stock number/acquisition DBAD/PUB
082 ## - DEWEY DECIMAL CLASSIFICATION NUMBER
Classification number 305.50954
245 ## - TITLE STATEMENT
Title The Empire of Disgust:
Statement of responsibility, etc ed. by Zoya Hasan; Aziz Z. Huq; Martha C. Nussbaum [and] Vidhu Verma
Remainder of title prejudice, discrimination, and policy in india and the US/
260 ## - PUBLICATION, DISTRIBUTION, ETC. (IMPRINT)
Place of publication, distribution, etc New Delhi
Name of publisher, distributor, etc Oxford University Press
Date of publication, distribution, etc 2018
270 ## - ADDRESS
City New Delhi
Postal code 110002
Address 2/11 Ground Floor, Ansari Road, Daryaganj,
300 ## - PHYSICAL DESCRIPTION
Extent xxvi,408p.
Dimensions 22cm.(Hb)
500 ## - GENERAL NOTE
General note It includes index
700 ## - ADDED ENTRY--PERSONAL NAME
Personal name Zoya Hasan
700 ## - ADDED ENTRY--PERSONAL NAME
Personal name Aziz Z. Huq
700 ## - ADDED ENTRY--PERSONAL NAME
Personal name Martha C. Nussbaum
700 ## - ADDED ENTRY--PERSONAL NAME
Personal name Verma,Vidhu
942 ## - ADDED ENTRY ELEMENTS (KOHA)
Source of classification or shelving scheme Dewey Decimal Classification
Item type English Books
Classification part 305.50954
Call number suffix EMP
Holdings
Withdrawn status Lost status Not for loan Collection code Home library Current library Date acquired Source of acquisition Cost, normal purchase price Full call number Barcode Copy number Cost, replacement price Koha item type
    Not For Loan Non-fiction D.B.Act.Division Bawana 29/12/2018 DBAD/PUB 1195.00 305.50954 EMP EN-108141 1 1195.00 English Books

© Delhi Public Library
Hit Counter
free hit counter